000 01433nam a22003857a 4500
003 CHAP
005 20220329141308.0
008 971010s1981 r 00010 d
010 _a65943
011 _a66915
035 _a75900
040 _cCHAP
090 _aTesis
100 0 0 _aRivera Fernández, Andrés.
_997641
245 _aEvaluación de la resistencia a la roya del cafeto (Hemileia vastatrix Berk et Br.) en variedades del banco de germoplasma del Instituto Mexicano del Café
260 _aChapingo, Méx. :
_bEl autor,
_c1981
300 _a69 h.
_b; apénd.
502 _aTesis (Ing. Agr. Esp. en Fitotecnia) -- UACH. Departamento de Fitotecnia
590 _aALEPH
_b10
_c20130110
_lUCH01
_h1359
590 _aBATCH-UPD
_b10
_c20130109
_lUCH01
_h2336
590 _aBATCH-UPD
_b10
_c20130110
_lUCH01
_h0821
590 _aBATCH-UPD
_b10
_c20130409
_lUCH01
_h1904
590 _aBATCH-UPD
_b10
_c20130410
_lUCH01
_h0459
590 _aBATCH-UPD
_b10
_c20130914
_lUCH01
_h0811
590 _aCONVERSION
_b10
_c20130109
_lUCH01
_h1336
650 1 4 _aCafé
_xGermoplasma.
_917148
650 1 4 _aCafé
_xVariedades resistentes a enfermedades.
_917209
650 1 4 _aHemileia.
_953501
901 _aBK
942 _cFOLL
949 _bBC
_cTES
_d-154158
_eTS1
_i75900
_si
949 _bBC
_cTES
_d-154161
_eTS2
_fc.3
_h22100
_i75900
_si
949 _bBC
_cTES
_d33724000947669
_eTS2
_fc.2
_i75900
_si
949 _bZA
_cTESBD
_d-8902
_eTS1
_h181
_i75900
_si
999 _c65943
_d65943